AIESA – Budovanie spoločnosti založenej na vedomostiach recenzovaný zborník - 18. medzinárodná vedecká konferencia organizovaná Fakultou hospodárskej informatiky EU v Bratislave a Slovenskou spoločnosťou pre hospodársku informatiku, 25.–26. október 2018, Bratislava

Salvato in:
Dettagli Bibliografici
Enti autori: AIESA – Budovanie spoločnosti založenej na vedomostiach. Medzinárodná vedecká konferencia, Ekonomická univerzita v Bratislave. Fakulta hospodárskej informatiky
Altri autori: Čerteková, Eva
Natura: Libro
Lingua:slovacco
ceco
inglese
Pubblicazione: Bratislava Letra Edu 2018
Edizione:1. Edition
Soggetti:
Tags: Aggiungi Tag
Nessun Tag, puoi essere il primo ad aggiungerne!!

MARC

LEADER 00000nlm a2200000 4500
001 0248748
005 20240513112830.1
020 |a 978-80-89962-14-3 
020 |a 978-80-89962-13-6 
041 0 |a slo 
041 0 |a cze 
041 0 |a eng 
044 |a SK 
245 1 0 |a AIESA – Budovanie spoločnosti založenej na vedomostiach  |b recenzovaný zborník - 18. medzinárodná vedecká konferencia organizovaná Fakultou hospodárskej informatiky EU v Bratislave a Slovenskou spoločnosťou pre hospodársku informatiku, 25.–26. október 2018, Bratislava  |c zostavovateľ/editor: Eva Čerteková 
250 |a 1. Edition 
264 1 |a Bratislava  |b Letra Edu  |c 2018 
300 |a CD-ROM 501 s. [26,13 AH] 
610 2 0 |a informatika aplikovaná 
610 2 0 |a ekonometria 
610 2 0 |a štatistika aplikovaná 
610 2 0 |a účtovníctvo 
610 2 0 |a spoločnosť vedomostná 
700 1 |a Čerteková, Eva 
110 2 |a AIESA – Budovanie spoločnosti založenej na vedomostiach. Medzinárodná vedecká konferencia 
710 2 |a Ekonomická univerzita v Bratislave. Fakulta hospodárskej informatiky